|
|
|
|
| LEADER |
00000nam a2200000 a 4500 |
| 001 |
vtls001118768 |
| 003 |
SK-MaSNL |
| 005 |
20260301062728.0 |
| 008 |
240517s1984 xo f p 00000 slo |
| 015 |
|
|
|a SNBA1984/06
|
| 035 |
|
|
|a SNK000061611
|
| 040 |
|
|
|a SNK
|b slo
|c SNK
|e AACR2
|
| 041 |
0 |
|
|a slo
|
| 044 |
|
|
|a xo
|c SK
|
| 080 |
|
|
|a 636.93+638.1(075.8)(076.5)
|2 1981
|
| 080 |
|
|
|a 638.1(075.8)(076.5)
|2 1981
|
| 100 |
1 |
|
|a Rekoš, Jozef,
|d 1936-
|4 aut
|9 49161
|
| 245 |
1 |
0 |
|a Návody na cvičenia z chovu malých hospodárskych zvierat s pracovným zošitom
|c Jozef Rekoš, Imrich Točka
|
| 250 |
|
|
|a 3., preprac. vyd.
|
| 260 |
|
|
|a Bratislava
|b Príroda
|c 1984
|e Nitra
|f Nitrianske tlačiarne
|
| 300 |
|
|
|a 86 s.
|b tab., sch.
|c 29 cm
|
| 366 |
|
|
|e 400 výtl.
|
| 490 |
1 |
|
|a Vysokoškolské učebné texty
|
| 650 |
0 |
7 |
|a drobné hospodárske zvieratá
|2 SNKPH
|9 2794
|
| 650 |
0 |
7 |
|a chov zvierat
|2 SNKPH
|9 2803
|
| 655 |
|
7 |
|a učebnice vysokých škôl
|2 SNKPH
|9 70191
|
| 655 |
|
7 |
|a praktické cvičenia
|2 SNKPH
|9 70517
|
| 700 |
1 |
|
|a Točka, Imrich,
|d 1941-2020
|4 aut
|9 98301
|
| 830 |
|
0 |
|a Vysokoškolské učebné texty
|9 276539
|
| 852 |
|
|
|a Slovenská národná knižnica
|
| 958 |
|
|
|a OND
|
| 958 |
|
|
|a TL
|
| 958 |
|
|
|a UV
|
| 999 |
|
|
|c 621663
|d 623593
|
| 952 |
|
|
|a SNK
|b SNK
|y PREZ
|7 0
|p 17A0791578
|o snkSB 37650
|0 0
|1 0
|4 0
|d 2012-04-24
|f 1
|l 0
|r 2025-04-16 00:00:00
|w 2026-02-23
|
| 952 |
|
|
|t P60, <04>, [BOOK], {604}
|a SNK
|b SNK
|y VYP
|7 0
|p 17A0209149
|o snkSB 37650 D1
|0 0
|1 0
|4 0
|d 1999-09-03
|l 0
|r 2004-12-31 00:00:00
|w 2026-02-23
|